00534nam a22001817a 450000500170000000800410001702000260005804000090008404100120009308200190010510000170012424500550014126000530019630000070024965000490025670000210030570000260032620260523154924.0260523b |||||||| |||| 00| 0 eng d a9789360286996c495.00 aMAIN aEnglish a581.95496bUNI aUniyal, B.P. aSupplement to the Flowering Plants of Uttarakhand  aDehradun bBishan Singh Mahindra Pal Singhc2025 a64 aUttarakhand Collection : Himalaya Collection aKandwal, Manish  aUniyal, Sanjay Kumar